000 00592nam a2200205 i 4500
001 108226
003 ES-MaACL
005 20230906184614.0
007 t|
008 061121s1954 sp r ||||1| spa d
100 1 _aMoll, Francesc de B. (
_d1903-1991)
_982033
245 1 0 _aGramática italiana /
_cFrancesc de B. Moll.
260 _aPalma de Mallorca :
_bGráfs. Miramar,
_c1954.
300 _a1 v. ;
_c22 cm.
490 1 _aManuales Moll.
650 0 4 _aLengua italiana-
_xGramática.
_914290
830 0 _aManuales Moll.
_9185556
852 _aES-MaACL
_jP-710
999 _c108226
_d108226